000 01140nam a2200289 a 4500
005 20090801115156.0
008 080911s2008 caua b 001 0 eng
010 _aENG-94601
020 _a9788178298962 (pbk.)
_c395.00
035 _aEN-78134
037 _bDBAD / PUB
040 _adpl
_bEnglish
082 _a658.400954
100 _aSinha, Jai B. P.
_q(Jai Ballabha Prasad),
245 _aCulture and organizational behaviour /
_cby Jai B.P. Sinha
260 _aNew Delhi
_bSAGE Publications
_c2008
270 _aB1/I-1 Mohan Cooperative Industrial Area, Mathura Road,
_bNew Delhi
_e110044
300 _axix, 426 p. :
_bill. ;
_c24cm(pbk)
490 _aSage texts
504 _aIncludes glossary, bibliographical references and index
650 _aOrganizational behavior
_zIndia.
650 _aManagement
_zIndia.
650 _aCulture.
651 _aIndia
_xSocial life and customs.
942 _2ddc
_cEN
_h658.400954
_mSIN
999 _c28819
_d28819